| 000 | 00615nam a2200205 i 4500 | ||
|---|---|---|---|
| 001 | 26324 | ||
| 003 | ES-MaACL | ||
| 005 | 20230906153425.0 | ||
| 007 | t| | ||
| 008 | 030108s1962 sp ||||1| spa d | ||
| 080 | _a396 | ||
| 100 | 1 |
_aAumont, Michele. _923919 |
|
| 245 | 1 | 3 |
_aEl destino de ser mujer / _cMichele Aumont ; [traducción, Ángeles Maragall]. |
| 260 |
_aBarcelona : _bEstela, _c[1962] |
||
| 300 |
_a190 p. ; _c23 cm. |
||
| 650 | 4 |
_aMujeres- _xSituación social- _yS.XX. _9167814 |
|
| 650 | 4 |
_aMujeres- _xMoral práctica. _9154966 |
|
| 700 | 1 |
_aMaragall, Ángeles. _976291 |
|
| 852 | 4 |
_aES-MaACL _jC-21612 |
|
| 999 |
_c26324 _d26324 |
||